000 00879nam a22001457a 4500
999 _c523781
_d523781
008 230926b ||||| |||| 00| 0 eng d
100 _aBhatia, Rajiv
_944006
245 _aMyanmar’s decade of hope and gloom: Implication for India
260 _aIndia International Centre
300 _a50(1), Summer, 2023: p.83-93
520 _aTwo years on since the military coup in 2021 and the continued absence of security and stability has only worsened the political and economic situation in Myanmar has only worsened in the absence of security and stability. India's long-standing strategic and economic interests in Myanmar will not be achieved if it doesn't proactively step up now to prevent them from becoming a flawed polity or a dependent of China.- Reproduced
773 _aIndia International Centre
906 _aPOLITICS AND GOVERNMENT - MYANMAR
942 _cAR